00579nam a2200229Ia 4500008004100000020002200041050001700063050001800080100001600098245003300114245001900147245003200166260001700198260002100215260000900236300001600245300001600261300001100277500002000288650002000308650002100328160901s9999 xx 000 0 und d a978-0-7356-2302-6 aComSc Z 52.5 b.M523C69 2007 aCox, Joyce. aMicrosoft Office Word 2007 : bstep by step / cJoyce Cox, Joan Preppernau. aWashington : bMicrosoft Press, c2007 a381 pages : bcol. ill. ; c23 cm. aIncludes index. aMicrosoft Word. xWord processing.